000 00623cam a22001935a 4500
001 L156138
008 120501s1872 xxk f 000 0 eng d
035 _a(Sirsi) u156138
041 0 _aeng
100 1 _aMurchison, Roderick Impey
_cSir
_d1792-1871
245 0 0 _aFigures of the Silurian fossils
_bto illustrate Murchison's "Siluria"
250 _aFifth edition
260 _aLondon
_bJohn Murray
_c1872
300 _a[4], 41leaves of plates, 32 p.
_bill., map
_c23 cm.
583 _aCondition reviewed
_c20120620
_lcondition level 4
651 4 _aGreat Britain
_y1707-
690 _aMinerals and waste
_96257
942 _n0
999 _c114053
_d114053